000
00221nam a2200097Ia 4500
008
240331s9999 xx 000 0 und d
082
_b
RAJ
100
_a
Rajaperumal,E
245
0
_a
Waluppetruvarum valaikkarangam
942
_c
L
999
_c
4732
_d
4732